000 01552cam a2200433 a 4500
001 1462087
003 OSt
005 20260619153054.0
008 860905m19871994miu b 001 0 eng
010 _a 86024564
020 _a0310392306
_qv. 1
020 _a0310392403
_qv. 2
020 _a0310598303
_qv. 3
020 _a9780310392309
_q(v. 1)
020 _a9780310392408
_q(v. 2)
020 _a9780310598305
_q(v. 3)
035 _a1462087
040 _aDLC
_cDLC
_dDLC
050 0 0 _aBT75.2
_b.D37 1987
082 0 0 _a230
_219
100 1 _aDemarest, Bruce A.
245 1 0 _aIntegrative theology /
_cBruce Demarest and Gordon Lewis.
260 _aGrand Rapids, Mich. :
_bAcademie Books,
_cc1987-c1994.
300 _a3 v. ;
_c24 cm.
336 _atext
_btxt
_2rdacontent
337 _aunmediated
_bn
_2rdamedia
338 _avolume
_bnc
_2rdacarrier
500 _aVol. 2-3 by Gordon R. Lewis and Bruce A. Demarest.
500 _aVol. 2-3 published by Zondervan Pub. House.
504 _aIncludes bibliographical references and indexes.
505 1 _av. 1. Knowing ultimate reality. The living God -- v. 2. Our primary need. Christ's atoning provisions -- v. 3. Spirit-given life. God's people present and future.
583 _aCataloguing:
_c20260619
_kgtanuigtanui
650 0 _aTheology, Doctrinal.
650 0 _aTheology
_xMethodology.
700 1 _aLewis, Gordon Russell,
_d1926-
906 _a7
_bcbc
_corignew
_d1
_eocip
_f19
_gy-gencatlg
942 _2lcc
_cBK
999 _c21729
_d21728